Boundary Struggles (Record no. 61065)

MARC details
000 -LEADER
fixed length control field 01772nam a2200229Ii 4500
008 - FIXED-LENGTH DATA ELEMENTS--GENERAL INFORMATION
fixed length control field 221202s xx 000 0 und d
245 #0 - TITLE STATEMENT
Title Boundary Struggles
246 ## - VARYING FORM OF TITLE
Title proper/short title Contestations of Free Speech in the Norwegian Publis Sphere
264 ## - PRODUCTION, PUBLICATION, DISTRIBUTION, MANUFACTURE, AND COPYRIGHT NOTICE
Name of producer, publisher, distributor, manufacturer Cappelen Damm Akademisk/NOASP (Nordic Open Access Scholarly Publishing)
Date of production, publication, distribution, manufacture, or copyright notice 2017
300 ## - PHYSICAL DESCRIPTION
Extent 1 online resource (326 pages)
336 ## - CONTENT TYPE
Content type term text
Content type code txt
Source rdacontent
337 ## - MEDIA TYPE
Media type term computer
Media type code c
Source rdamedia
338 ## - CARRIER TYPE
Carrier type term online resource
Carrier type code cr
Source rdacarrier
520 ## - SUMMARY, ETC.
Summary, etc. Freedom of speech is a fundamental human right and a core value in liberal democracies. It is also, however, one of our timeโ€™s most contested issues, constantly claimed to be either too wide-ranging, at the peril of vulnerable minority groups, or too limited, restricting dissent and democratic deliberation. Employing a sociological lens on the dynamics of the public sphere, this book investigates how the boundaries of free speech are contested and negotiated through social processes which silence certain groups and opinions while amplifying others. The book focuses on key topics in current free speech debates : immigration, religion and culture. Drawing on population-representative survey data, media analysis and in-depth interviews, the authors paint a broad picture of how boundaries of free speech are defined and maintained, experienced and challenged, in the rapidly changing Norwegian public sphere.
653 ## - INDEX TERM--UNCONTROLLED
Uncontrolled term Free Speech
653 ## - INDEX TERM--UNCONTROLLED
Uncontrolled term Freedom Of Speech
653 ## - INDEX TERM--UNCONTROLLED
Uncontrolled term Media
653 ## - INDEX TERM--UNCONTROLLED
Uncontrolled term Norway
653 ## - INDEX TERM--UNCONTROLLED
Uncontrolled term Public Sphere
856 ## - ELECTRONIC LOCATION AND ACCESS
Uniform Resource Identifier <a href="https://library.oapen.org/bitstream/20.500.12657/31160/1/637297.pdfhttps://press.nordicopenaccess.no/index.php/noasp/catalog/book/16http://library.oapen.org/handle/20.500.12657/31160">https://library.oapen.org/bitstream/20.500.12657/31160/1/637297.pdfhttps://press.nordicopenaccess.no/index.php/noasp/catalog/book/16http://library.oapen.org/handle/20.500.12657/31160</a>
942 ## - ADDED ENTRY ELEMENTS (KOHA)
Koha item type E-Book
Holdings
Withdrawn status Damaged status Not for loan Home library Current library Date acquired Total Checkouts Date last seen Price effective from Koha item type
      Directory of Open Access Books Directory of Open Access Books 11/28/2022   11/28/2022 11/28/2022 E-Book

University of Rizal System
Email us at univlibservices@urs.edu.ph

Visit our Website www.urs.edu.ph/library